000
00296nam a2200109Ia 4500
008
190216s9999||||xx |||||||||||||| ||und||
100
_a
"Gopalaraman, Ramachandran, Devarajan, Richard Etc"
245
0
_a
Medical Entrance
260
_b
Continental Publishers
_c
1988
300
_a
1156p
942
_c
REF
999
_c
35925
_d
35925